000 01309nam a22003017a 4500
999 _c8346
_d8346
003 AR-CdUCM
008 190325b ||||| |||| 00| 0 spa d
040 _aMUNICIPALIDAD PROVINCIAL DEL CUSCO
_cBIBLIOTECA MUNICIPAL DEL CUSCO
082 _a985.008 /
_bC73
100 _aComisión nacional del Sesquicentenario de la Independencia del Perú
_922439
245 _aObra gubernativa y epistolario de Bolívar /
260 _aLima :
_bComisión nacional del Sesquicentenario de la Independencia del Perú,
_c1975.
300 _a4 volúmenes ;
_c24 cm.
440 _aColección documental de la independencia del Perú
_921856
505 _aContenido: V.1: Legislación 1823-1825 -- V.2: Legislación de 1826 -- V.3: Libro de decretos 1824 -- V.4: El congreso de Panamá.
650 _aColección
_92826
650 _aIndependencia peruana
_923196
650 _aLibro de decretos
_923432
650 _aLegislación 1823-1826
_923433
650 _aDocumental
_923434
700 _aDenegri Luna, Félix (edición)
_923435
700 _aPorras Barrenechea, Raúl (recopilación y prólogo)
_923436
700 _aDurand Flórez, Guillermo (edición)
_923437
700 _aRosas Siles, Alberto (edición)
_923438
700 _aGuerra, Margarita (colaboración)
_923439
942 _2ddc
_cLIBROS
945 _adavv